000 00441nam a2200181Ia 4500
001 19594
005 20260306172704.0
008 260306t2017||||xx |||||||||||||| ||spa||
041 _aESP
082 _a340.7
_bE373 N° 19
100 _aLovatón Palacios, David
_eAUT
245 0 _aSistema de justicia en el Perú
260 _c2017
300 _a153 páginas :
_c20 cm.
650 _aGEN
654 _aCDE
942 _cLIB
_dJUS
_fJUS
_2ddc
_n
999 _c19594
_d19594